| 000 | 00389nam a2200145 i 4500 | ||
|---|---|---|---|
| 001 | bg | ||
| 100 | 1 | _aCOOPER, Leon N. | |
| 245 | 0 |
_aFizika dlja vsech : _bvvedenie v suscnost' i struktur fiziki. _nT. 1, _pKlassiceskaja fizika / _cLeon N. Cooper. |
|
| 260 |
_aMoskva, _c1973. |
||
| 040 | _cBPK | ||
| 041 | _apol | ||
| 080 | _a53 | ||
| 942 | _cKS | ||
| 008 | s pl f |000 0 pol | ||
| 999 |
_c15641 _d15641 |
||